书目信息 |
| 题名: |
致加西亚的信
|
|
| 作者: | 阿尔伯特·哈伯德 著 ;赵立光 , 艾柯 译 | |
| 分册: | ||
| 出版信息: | 哈尔滨 哈尔滨出版社 2009.03 |
|
| 页数: | 130页 | |
| 开本: | 21cm | |
| 丛书名: | 励志经典 | |
| 单 册: | ||
| 中图分类: | B822.9-49 | |
| 科图分类: | ||
| 主题词: | 国家--道德 | |
| 电子资源: | ||
| ISBN: | 7-80639-710-8 | |
| 000 | 00921nam0 2200289 450 | |
| 001 | 2357167194 | |
| 005 | 20231122155800.08 | |
| 010 | @a7-80639-710-8@dCNY16.80 | |
| 100 | @a20080118d2009 km y0chiy0120 ea | |
| 101 | 0 | @achi |
| 102 | @aCN@b230000 | |
| 200 | 1 | @a致加西亚的信@Azhi jia xi ya de xin@f(美)阿尔伯特·哈伯德著;赵立光,艾柯译@F(mei)a er bo te·ha bo de zhu;zhao li guang,ai ke yi |
| 205 | @a2版 | |
| 210 | @a哈尔滨@c哈尔滨出版社@d2009.03 | |
| 215 | @a130页@d21cm | |
| 225 | 2 | @a励志经典 |
| 300 | @a职业道德 -- 通俗读物 | |
| 330 | @a有史以来全球最畅销图书第六名 | |
| 410 | 0 | @12001 @a励志经典 |
| 510 | 1 | @a= A message to Garcia / Elbert Hubbard |
| 606 | 0 | @a国家@x道德 |
| 690 | @aB822.9-49@v4 | |
| 701 | 0 | @a阿尔伯特·哈伯德@Aa er bo te·ha bo de@4著 |
| 702 | 0 | @a赵立光@Azhao li guang@4译 |
| 702 | 0 | @a艾柯@Aai ke@4译 |
| 801 | 0 | @aCN@b河南城建学院图书馆@c20080118 |
| 905 | @dB822.9-49@eA0501 | |
| 致加西亚的信/(美)阿尔伯特·哈伯德著;赵立光,艾柯译.-2版.-哈尔滨:哈尔滨出版社,2009.03 |
| 130页;21cm.-(励志经典) |
| 职业道德 -- 通俗读物 |
| ISBN 7-80639-710-8:CNY16.80 |
| 有史以来全球最畅销图书第六名 |
| ● |
| 相关链接 |
|
|
|
正题名:致加西亚的信
索取号:B822.9-49/A0501
 
预约/预借
| 序号 | 登录号 | 条形码 | 馆藏地/架位号 | 状态 | 备注 |
| 1 | 1508354 | 215083549 | 教务处资料室/ [索取号:B822.9-49/A0501] | 在馆 |